000 01614nam a2200373 a 4500
001 0000339
003 DO-SdBNP
005 20180312095231.0
007 0000339
008 091125s2012 dr a 000 0 spa d
020 _a9789945117370
040 _aBPMSU
_bspa
_cBPMSU
082 _a372.832
_bA452c 8vo. 2012
092 _a
_b
100 1 _aAlmonte Isiano, Ana Iris
245 1 0 _aCívica 8 :
_beducación básica /
_cAna Iris Almonte Isiano ; dirección editorial Obdulia García de Escobar ; ilustración Rudy Nuñez
260 _aSanto Domingo :
_bSantillana,
_c2012
300 _a79 p. :
_bil. ;
_c28 cm.
490 1 _aInnova
500 _aEste libro ha sido realizado de conformidad con el currículum vigente y ha sido sometido a la aprobación del MINERD
505 0 _tLos poderes del Estado --
_tLos derechos civiles y políticos
_tLa comunidad internacional --
_tDemocracia y dictadura --
_tEl mundo moderno --
_tLa sociedad en la actualidad --
650 4 _aEDUCACIÓN CÍVICA
_xENSEÑANZA BÁSICA
650 4 _aEDUCACIÓN CÍVICA
_xEDUCACIÓN PRIMARIA
650 4 _aEDUCACIÓN PRIMARIA
_zREPÚBLICA DOMINICANA
650 4 _aEDUCACIÓN CÍVICA
_xLIBROS DE TEXTOS
650 4 _aEDUCACIÓN CÍVICA
_xESTUDIOS Y EJERCICIOS
700 1 _aGarcía Escobar, Obdulia de,
_eed.
700 1 _aNúñez, Ruddy
_eil.
830 0 _aInnova
910 _aValidado. Control de calidad MFF
942 _2ddc
_cBK
945 _aRemanejada para la BNPHU 2018 / BT
956 _aVMATEO
_b10
_220160512
_3BPMSU
_60069
999 _c10125
_d10125